000 00364 a2200157 4500
001 169895
020 _a
040 _cMagnum
100 _aCarmo, Paulo Sergio do
240 1 0 _aHistoria e etica do trabalho no brasil
_lpor
245 1 0 _aHistoria e etica do trabalho no brasil
362 0 _a1899
440 1 _aModerna
697 _aPARADIDATICO
942 _cBK
999 _c169895
_d169895